[Event "SR 3. liga A2 2015/2016"]
[Site "?"]
[Date "2015.12.20"]
[Round "5.2"]
[White "Krchnak, Rudolf"]
[Black "Sadlon, Matus"]
[Result "0-1"]
[WhiteElo "1766"]
[BlackElo "1664"]
[PlyCount "56"]
[EventDate "2016.??.??"]

1. d4 Nf6 2. Nc3 d5 3. Bg5 e6 4. e4 dxe4 5. Nxe4 Be7 6. Bxf6 Bxf6 7. Nf3 Nc6 8.
c3 O-O 9. Bd3 b6 10. Qe2 a5 11. O-O-O Bb7 12. h4 Re8 13. g4 Nb8 14. Rh3 Ba6 15.
g5 Be7 16. Rg1 Bxd3 17. Qxd3 c5 18. Qb5 Nd7 19. Rd1 Qc7 20. Kb1 Red8 21. dxc5
Nxc5 22. Nxc5 Rxd1+ 23. Kc2 Rad8 24. Ne4 Qf4 25. Qe2 Rc1+ 26. Kb3 a4+ 27. Kxa4
Qf5 28. Rg3 Qd5 0-1

[Event "SR 3. liga A2 2015/2016"]
[Site "?"]
[Date "2015.12.20"]
[Round "5.3"]
[White "Jablonicky, Martin"]
[Black "Liptak, Tomas"]
[Result "1/2-1/2"]
[WhiteElo "2214"]
[BlackElo "2213"]
[PlyCount "130"]
[EventDate "2016.??.??"]

1. Nf3 Nf6 2. g3 g6 3. b4 Bg7 4. Bb2 O-O 5. Bg2 d5 6. d3 c6 7. Nbd2 Qb6 8. Rb1
Nbd7 9. O-O Re8 10. Ne5 Nh5 11. Nxd7 Bxd7 12. Bxg7 Nxg7 13. c4 d4 14. a4 Rab8
15. c5 Qc7 16. Qc2 Be6 17. Qb2 Red8 18. Nf3 Qd7 19. b5 Nf5 20. Rfc1 h5 21. bxc6
bxc6 22. Qxb8 Rxb8 23. Rxb8+ Kg7 24. Rb4 f6 25. Rcb1 Qd8 26. Bh3 Qa5 27. Bxf5
Bxf5 28. Nxd4 Qxc5 29. Nxf5+ Qxf5 30. Rb7 Qe6 31. Rxa7 Qxe2 32. Rbb7 Qxd3 33.
Rxe7+ Kh6 34. h4 g5 35. hxg5+ Kxg5 36. a5 Qd1+ 37. Kg2 Qd5+ 38. Kf1 Qd1+ 39.
Re1 Qd3+ 40. Kg1 Qd4 41. Ra8 h4 42. gxh4+ Qxh4 43. Rg8+ Kf5 44. Re3 Qa4 45.
Rf3+ Ke6 46. Rg6 Qxa5 47. Rfxf6+ Ke7 48. Rxc6 Qe1+ 49. Kg2 Qe4+ 50. f3 Qe2+ 51.
Kg3 Qe1+ 52. Kg4 Qg1+ 53. Kf5 Qb1+ 54. Kg5 Qg1+ 55. Kh6 Qh1+ 56. Kg7 Qxf3 57.
Rc7+ Kd8 58. Rf7 Qc3+ 59. Kh7 Qh3+ 60. Kg8 Qb3 61. Kg7 Qc3+ 62. Rff6 Ke7 63.
Rh6 Qd4 64. Kh7 Qxf6 65. Rxf6 Kxf6 1/2-1/2

[Event "SR 3. liga A2 2015/2016"]
[Site "?"]
[Date "2015.12.20"]
[Round "5.3"]
[White "Kovacocy, Pavel"]
[Black "Packa, Ladislav"]
[Result "1-0"]
[WhiteElo "2175"]
[BlackElo "2190"]
[PlyCount "53"]
[EventDate "2016.??.??"]

1. e4 e5 2. Nf3 Nc6 3. Bc4 Nf6 4. d3 Be7 5. O-O d6 6. c3 O-O 7. Bb3 Na5 8. Bc2
c5 9. a3 Nc6 10. b4 Qc7 11. b5 Nd8 12. a4 a6 13. Na3 Ne6 14. g3 Bd7 15. Rb1
axb5 16. axb5 d5 17. exd5 Nxd5 18. Qe1 Bf6 19. d4 Be7 20. dxe5 g6 21. c4 Nb6
22. Rb3 Rfe8 23. Bb2 Bf8 24. Qc1 Ng7 25. Ng5 h6 26. Ne4 Nf5 27. Nf6+ 1-0

[Event "SR 3. liga A2 2015/2016"]
[Site "?"]
[Date "2015.12.20"]
[Round "5.3"]
[White "Sarmir, Milos"]
[Black "Slobodnik, Michal"]
[Result "0-1"]
[WhiteElo "2020"]
[BlackElo "2000"]
[PlyCount "38"]
[EventDate "2016.??.??"]

1. e4 Nf6 2. e5 Nd5 3. d4 d6 4. Nf3 dxe5 5. Nxe5 c6 6. c4 Nb4 7. Be3 Bf5 8. Nd3
e5 9. Nxb4 Bxb4+ 10. Nc3 Qa5 11. Qb3 exd4 12. Bxd4 Na6 13. a3 O-O-O 14. O-O-O
Nc5 15. Qa2 Rxd4 16. Rxd4 Bxc3 17. Rd1 Na4 18. b4 Qe5 19. Bd3 Bb2+ 0-1

[Event "SR 3. liga A2 2015/2016"]
[Site "?"]
[Date "2015.12.20"]
[Round "5.3"]
[White "Horecky, Peter"]
[Black "Markuliak, Mario"]
[Result "1/2-1/2"]
[WhiteElo "2034"]
[BlackElo "1862"]
[PlyCount "98"]
[EventDate "2016.??.??"]

1. d4 d6 2. g3 e5 3. dxe5 dxe5 4. Qxd8+ Kxd8 5. Nf3 f6 6. Nbd2 Be6 7. Bg2 c6 8.
b3 Kc7 9. Bb2 Nd7 10. O-O-O Bc5 11. Ne4 Bb6 12. h3 Ne7 13. Ba3 Nc8 14. g4 a5
15. c4 a4 16. Bb2 Nc5 17. Nxc5 Bxc5 18. e3 Nd6 19. Nd2 b5 20. cxb5 Nxb5 21. Ne4
Be7 22. Rd3 axb3 23. axb3 Ra2 24. Nc3 Ra5 25. Nxb5+ Rxb5 26. Rc3 Rc5 27. Rxc5
Bxc5 28. Kd2 Bxb3 29. Rc1 Bb4+ 30. Ke2 Ba4 31. Bc3 Bb5+ 32. Ke1 Bxc3+ 33. Rxc3
Ra8 34. Rc2 Kb6 35. Be4 h6 36. Kd2 Ra3 37. Rc3 Ra2+ 38. Rc2 Rxc2+ 39. Kxc2 g5
40. Bg2 Bc4 41. Kc3 Bd5 42. e4 Ba2 43. Kb2 Bc4 44. Kc3 Kc5 45. Bf3 Bf1 46. Bd1
Bxh3 47. Be2 Bg2 48. f3 Bh3 49. Bd3 Bg2 1/2-1/2

[Event "SR 3. liga A2 2015/2016"]
[Site "?"]
[Date "2015.12.20"]
[Round "5.3"]
[White "Hornak, Pavol"]
[Black "Zigo, Rastislav"]
[Result "1/2-1/2"]
[WhiteElo "1786"]
[BlackElo "2005"]
[PlyCount "65"]
[EventDate "2016.??.??"]

1. d4 d5 2. c4 e6 3. Nf3 c6 4. e3 Nf6 5. b3 Bd6 6. Bd3 O-O 7. O-O Nbd7 8. Bb2
dxc4 9. bxc4 Re8 10. Ne5 Qc7 11. f4 b6 12. g4 g6 13. Nc3 Bb7 14. Rc1 Rad8 15.
Qe2 a6 16. g5 Nh5 17. Be4 c5 18. Qf3 Bxe4 19. Nxe4 Be7 20. d5 exd5 21. cxd5 Bf8
22. Rcd1 Bg7 23. d6 Qc8 24. Ng3 Nxg3 25. hxg3 Nxe5 26. fxe5 Qe6 27. Rd5 Rd7 28.
e4 Qh3 29. Rf2 Rb8 30. Rh2 Qe6 31. Rc2 Rc8 32. Rc4 Qh3 33. a3 1/2-1/2

[Event "SR 3. liga A2 2015/2016"]
[Site "?"]
[Date "2015.12.20"]
[Round "5.3"]
[White "Lukacovic, Miroslav"]
[Black "Vlkovic, Pavol"]
[Result "1-0"]
[WhiteElo "2008"]
[BlackElo "1785"]
[PlyCount "73"]
[EventDate "2016.??.??"]

1. d4 g6 2. c4 Bg7 3. Nc3 c5 4. Nf3 cxd4 5. Nxd4 Nc6 6. e3 Nf6 7. Be2 O-O 8.
O-O d6 9. Bf3 Bd7 10. b3 a6 11. Bb2 Rb8 12. Qe2 Ne5 13. Rfd1 Nxf3+ 14. Nxf3 Bg4
15. Rac1 Qa5 16. h3 Bxf3 17. Qxf3 Qh5 18. Qxh5 Nxh5 19. g4 Nf6 20. Rd2 Nd7 21.
Nd5 Rfe8 22. Ba3 Nc5 23. Bxc5 dxc5 24. Rcd1 e6 25. Nb6 h6 26. Kf1 g5 27. Ke2
Kh7 28. Rd7 Kg6 29. Rc7 Be5 30. Rxc5 Bc3 31. Nd7 Rbd8 32. Rc7 b6 33. Nxb6 Rxd1
34. Kxd1 Ba5 35. Rc8 Re7 36. Rc6 f5 37. a3 1-0

[Event "SR 3. liga A2 2015/2016"]
[Site "?"]
[Date "2015.12.20"]
[Round "5.3"]
[White "Kavuljak, Alojz"]
[Black "Cmarada, Juraj"]
[Result "0-1"]
[WhiteElo "1716"]
[BlackElo "1678"]
[PlyCount "111"]
[EventDate "2016.??.??"]

1. e4 c5 2. Nf3 d6 3. d4 cxd4 4. Nxd4 Nf6 5. Nc3 a6 6. Be2 e6 7. Be3 Be7 8. Qd2
Qc7 9. O-O O-O 10. a3 Nc6 11. f4 Bd7 12. Rad1 Rac8 13. h3 e5 14. Nf3 exf4 15.
Bxf4 Ne5 16. Kh1 Bc6 17. Bd3 Nfd7 18. Nd4 Ng6 19. Nxc6 bxc6 20. Bxa6 Ra8 21.
Bxd6 Bxd6 22. Qxd6 Qb6 23. Qxd7 Rxa6 24. Rb1 Ne5 25. Qf5 Nc4 26. Qf2 Qxf2 27.
Rxf2 Rb8 28. Na2 Nxa3 29. Rd1 Nc4 30. Nb4 Rab6 31. Nd3 Nxb2 32. Nxb2 Rxb2 33.
Rfd2 g6 34. Kh2 Re8 35. Re1 Rb4 36. Rde2 Re5 37. Kg3 Rc4 38. Kf4 Re6 39. Kf3
Kg7 40. Kf2 h5 41. g3 Rc3 42. Kg2 Re5 43. Kh2 Rec5 44. Rc1 Kf6 45. Rf2+ Ke6 46.
g4 h4 47. Rg2 f6 48. Rf2 R5c4 49. e5 fxe5 50. g5 Rf4 51. Rg2 Kf5 52. Re2 Rff3
53. Rd2 Rxh3+ 54. Kg2 Rcg3+ 55. Kf2 Rh2+ 56. Kf1 0-1

[Event "SR 3. liga A2 2015/2016"]
[Site "?"]
[Date "2015.12.20"]
[Round "5.4"]
[White "Sosna, Jan"]
[Black "Karas, Marek"]
[Result "1/2-1/2"]
[WhiteElo "2341"]
[BlackElo "2288"]
[PlyCount "75"]
[EventDate "2016.??.??"]

1. d4 Nf6 2. Nf3 e6 3. Bg5 h6 4. Bh4 c5 5. e3 d5 6. c3 Nc6 7. Nbd2 Bd6 8. Bd3
a6 9. O-O O-O 10. dxc5 Bxc5 11. e4 dxe4 12. Nxe4 Be7 13. Qc2 Nd5 14. Bxe7 Qxe7
15. Rfe1 e5 16. Ng3 Qc7 17. Rad1 Nf4 18. Bh7+ Kh8 19. Be4 Bg4 20. Qa4 Rae8 21.
h3 Bd7 22. Qa3 f5 23. Bc2 e4 24. Nh2 Ne5 25. Qd6 Qxd6 26. Rxd6 Bc6 27. b3 Nd5
28. c4 Nb4 29. Bb1 Nbd3 30. Rd1 a5 31. Ne2 a4 32. Bxd3 Nxd3 33. Nd4 axb3 34.
axb3 f4 35. Nxc6 bxc6 36. f3 Nc5 37. b4 Nd3 38. fxe4 1/2-1/2

[Event "SR 3. liga A2 2015/2016"]
[Site "?"]
[Date "2015.12.20"]
[Round "5.4"]
[White "Sosovicka, Juraj"]
[Black "Cajka, Tibor"]
[Result "1/2-1/2"]
[WhiteElo "2174"]
[BlackElo "2121"]
[PlyCount "47"]
[EventDate "2016.??.??"]

1. b3 b6 2. Bb2 Bb7 3. Nf3 Nf6 4. c4 e6 5. Nc3 Be7 6. e3 O-O 7. d4 d5 8. Bd3 c5
9. O-O Nc6 10. cxd5 exd5 11. dxc5 bxc5 12. Rc1 Rc8 13. Bf5 Rb8 14. Na4 Ba6 15.
Bd3 Bxd3 16. Qxd3 Nb4 17. Qe2 Nxa2 18. Ra1 Nb4 19. Rfc1 Nd7 20. Ne5 Nxe5 21.
Bxe5 Rc8 22. Nc3 Nc6 23. Bf4 Bf6 24. Ra6 1/2-1/2

[Event "SR 3. liga A2 2015/2016"]
[Site "?"]
[Date "2015.12.20"]
[Round "5.4"]
[White "Gasa, Patrik"]
[Black "Danada, Tomas"]
[Result "1/2-1/2"]
[WhiteElo "2111"]
[BlackElo "2158"]
[PlyCount "23"]
[EventDate "2016.??.??"]

1. e4 d6 2. d4 Nf6 3. Nc3 e5 4. dxe5 dxe5 5. Qxd8+ Kxd8 6. Bg5 Be6 7. O-O-O+
Kc8 8. Nf3 Nbd7 9. Bh4 h6 10. Bg3 Bd6 11. Bb5 a6 12. Bxd7+ 1/2-1/2

[Event "SR 3. liga A2 2015/2016"]
[Site "?"]
[Date "2015.12.20"]
[Round "5.4"]
[White "Travnicek, Petr"]
[Black "Sebesta, Radovan"]
[Result "1-0"]
[WhiteElo "2073"]
[BlackElo "2011"]
[PlyCount "55"]
[EventDate "2016.??.??"]

1. d4 Nf6 2. c4 e6 3. Nc3 Bb4 4. Bg5 h6 5. Bh4 c5 6. d5 g5 7. Bg3 Ne4 8. Qc2
Bxc3+ 9. bxc3 Nxg3 10. hxg3 exd5 11. cxd5 d6 12. Nf3 Qf6 13. e3 Nd7 14. Bb5 a6
15. Bxd7+ Bxd7 16. O-O O-O 17. Nd2 b5 18. e4 b4 19. Rac1 a5 20. f4 bxc3 21. e5
dxe5 22. Ne4 Qg6 23. fxe5 Rfd8 24. Rf6 Qg7 25. Rcf1 Be8 26. e6 Bb5 27. Rxf7
Qd4+ 28. Nf2 1-0

[Event "SR 3. liga A2 2015/2016"]
[Site "?"]
[Date "2015.12.20"]
[Round "5.4"]
[White "Lanik, Miroslav"]
[Black "Pribila, Gerhard"]
[Result "0-1"]
[WhiteElo "1881"]
[BlackElo "2094"]
[PlyCount "58"]
[EventDate "2016.??.??"]

1. e4 c5 2. Nf3 e6 3. d4 cxd4 4. Nxd4 a6 5. Nc3 Qc7 6. g3 Bb4 7. Bd2 Nf6 8. Bg2
Nc6 9. Nxc6 dxc6 10. O-O O-O 11. Qe2 e5 12. a3 Be7 13. h3 b5 14. Rad1 Be6 15.
Rfe1 Rad8 16. Bg5 h6 17. Bxf6 Bxf6 18. Qf3 Rxd1 19. Rxd1 Rd8 20. Rxd8+ Qxd8 21.
Qd3 Kf8 22. Qxd8+ Bxd8 23. Bf1 Ke7 24. Kg2 Ba5 25. Bd3 Bxc3 26. bxc3 Kd6 27. h4
Kc5 28. f4 f6 29. Kf2 Kb6 0-1

[Event "SR 3. liga A2 2015/2016"]
[Site "?"]
[Date "2015.12.20"]
[Round "5.4"]
[White "Ambros, Rafael"]
[Black "Palka, Martin"]
[Result "1/2-1/2"]
[WhiteElo "1992"]
[BlackElo "1897"]
[PlyCount "35"]
[EventDate "2016.??.??"]

1. e4 c5 2. c3 d5 3. exd5 Qxd5 4. d4 g6 5. Nf3 Bg7 6. dxc5 Qxc5 7. Be3 Qc7 8.
Be2 Nc6 9. O-O Nh6 10. Na3 O-O 11. Nb5 Qb8 12. Nbd4 Nxd4 13. Nxd4 Rd8 14. Qc1
Ng4 15. Bxg4 Bxg4 16. h3 e5 17. Nc6 bxc6 18. hxg4 1/2-1/2

[Event "SR 3. liga A2 2015/2016"]
[Site "?"]
[Date "2015.12.20"]
[Round "5.4"]
[White "Skapikova, Lubica"]
[Black "Kubis, Ivan"]
[Result "0-1"]
[WhiteElo "1872"]
[BlackElo "1931"]
[PlyCount "66"]
[EventDate "2016.??.??"]

1. e4 e5 2. Nf3 Nc6 3. Bb5 a6 4. Ba4 Nf6 5. O-O Be7 6. d3 b5 7. Bb3 O-O 8. h3
d5 9. exd5 Nxd5 10. c3 Bb7 11. Re1 Bf6 12. Nbd2 Nf4 13. Ne4 Nxd3 14. Nxf6+ gxf6
15. Re3 Nc5 16. Qe2 Nxb3 17. axb3 Qd7 18. Nh4 Rad8 19. Rg3+ Kh8 20. Bh6 Rg8 21.
Rxg8+ Rxg8 22. Qf3 Qe6 23. Rd1 e4 24. Qf4 Ne5 25. Qf5 Nf3+ 26. Kh1 Nxh4 27. Qh5
Nxg2 28. Be3 Nxe3 29. fxe3 Rg3 30. Kh2 Rg5 31. Qh6 Qe5+ 32. Kh1 Rg8 33. h4 Qf5
0-1

[Event "SR 3. liga A2 2015/2016"]
[Site "?"]
[Date "2015.12.20"]
[Round "5.4"]
[White "Brunovsky, Peter"]
[Black "Palka, Miroslav"]
[Result "0-1"]
[WhiteElo "1839"]
[BlackElo "1902"]
[PlyCount "78"]
[EventDate "2016.??.??"]

1. d4 d5 2. Nf3 Nf6 3. Bf4 g6 4. e3 Bg7 5. h3 O-O 6. Bd3 c5 7. c3 b6 8. O-O Bb7
9. Nbd2 Nc6 10. Bh2 Nd7 11. Bc2 e5 12. Nb3 c4 13. Nbd2 e4 14. Ne1 f5 15. Kh1
Nf6 16. b3 cxb3 17. axb3 Nh5 18. Rg1 f4 19. Nf1 Qg5 20. g3 fxe3 21. fxe3 Rf2
22. Ng2 Raf8 23. g4 Bc8 24. Ng3 Nxg3+ 25. Bxg3 R8f3 26. Nf4 Rxf4 27. exf4 Qh6
28. h4 Rf3 29. Qd2 Bxg4 30. Raf1 Bf6 31. Qh2 Rxc3 32. Bd1 Bxd1 33. Rxd1 Nxd4
34. Qh3 Qg7 35. Rc1 Qc7 36. Rxc3 Qxc3 37. Qd7 Nf5 38. Qxd5+ Kg7 39. Qxf5 Qf3+
0-1

[Event "SR 3. liga A2 2015/2016"]
[Site "?"]
[Date "2015.12.20"]
[Round "5.5"]
[White "Sturdik, Igor"]
[Black "Kavon, Rastislav"]
[Result "0-1"]
[WhiteElo "1971"]
[BlackElo "2160"]
[PlyCount "50"]
[EventDate "2016.??.??"]

1. e4 c5 2. Nf3 d6 3. d4 cxd4 4. Nxd4 Nf6 5. Nc3 g6 6. Be3 Bg7 7. f3 O-O 8. Qd2
Nc6 9. Bc4 Bd7 10. O-O-O Na5 11. Bb3 Nxb3+ 12. Nxb3 b5 13. h4 b4 14. Nd5 Nxd5
15. exd5 a5 16. Bh6 f6 17. Nd4 Bxh6 18. Qxh6 Rf7 19. h5 g5 20. Ne6 Bxe6 21.
dxe6 Rg7 22. f4 Qb6 23. Rhe1 Qf2 24. Rf1 Qxg2 25. Rg1 Qh2 0-1

[Event "SR 3. liga A2 2015/2016"]
[Site "?"]
[Date "2015.12.20"]
[Round "5.5"]
[White "Bango, Lukas"]
[Black "Puskar, Peter"]
[Result "1/2-1/2"]
[WhiteElo "2052"]
[BlackElo "2128"]
[PlyCount "41"]
[EventDate "2016.??.??"]

1. c4 Nf6 2. Nc3 c5 3. g3 Nc6 4. Bg2 g6 5. e3 Bg7 6. Nge2 O-O 7. O-O d6 8. d4
cxd4 9. exd4 Bf5 10. Re1 Nb4 11. Rf1 Rb8 12. b3 a6 13. a3 Nc6 14. Bb2 Qd7 15.
Re1 b5 16. cxb5 axb5 17. b4 Rfc8 18. Qd2 d5 19. Nf4 e6 20. Rac1 Ne8 21. Nd1
1/2-1/2

[Event "SR 3. liga A2 2015/2016"]
[Site "?"]
[Date "2015.12.20"]
[Round "5.5"]
[White "Doucha, Ludvik"]
[Black "Lopatievov, Alexander"]
[Result "1-0"]
[WhiteElo "1946"]
[BlackElo "1902"]
[PlyCount "78"]
[EventDate "2016.??.??"]

1. e4 c6 2. d4 d5 3. Nd2 dxe4 4. Nxe4 Bf5 5. Ng3 Bg6 6. Nh3 e5 7. dxe5 Qxd1+ 8.
Kxd1 Nd7 9. f4 h6 10. Be3 O-O-O 11. Kc1 Bc5 12. Bd2 Ne7 13. Be2 Nf8 14. Rf1 Kb8
15. f5 Bh7 16. Bd3 Nd5 17. Ne4 Be3 18. Nd6 Bxd2+ 19. Kxd2 Bg8 20. Rae1 Nb4 21.
a3 Nxd3 22. cxd3 c5 23. a4 Kc7 24. Nf4 Kc6 25. Kc3 h5 26. Nc4 a6 27. a5 Rh6 28.
Re3 Bh7 29. e6 fxe6 30. fxe6 Re8 31. Ne5+ Kb5 32. Nf7 Rexe6 33. Nxe6 Rxe6 34.
Nd6+ Rxd6 35. Rxf8 Kxa5 36. Rf7 b5 37. Rxg7 Bf5 38. Rg5 b4+ 39. Kc4 Bd7 1-0

[Event "SR 3. liga A2 2015/2016"]
[Site "?"]
[Date "2015.12.20"]
[Round "5.5"]
[White "Mackovic, Matus"]
[Black "Mosny, Jaroslav"]
[Result "1/2-1/2"]
[WhiteElo "1970"]
[BlackElo "1971"]
[PlyCount "105"]
[EventDate "2016.??.??"]

1. e4 e5 2. Nf3 d6 3. d4 exd4 4. Nxd4 g6 5. c4 Bg7 6. Nc3 Nf6 7. f3 O-O 8. Be3
Nc6 9. Qd2 Nxd4 10. Bxd4 Be6 11. O-O-O a6 12. b3 c5 13. Be3 Qa5 14. Na4 Qxd2+
15. Rxd2 b5 16. cxb5 axb5 17. Bxb5 Rab8 18. Be2 Rb4 19. Nb2 Ra8 20. Kb1 Bxb3
21. axb3 Rxb3 22. Bf4 Nxe4 23. fxe4 Rab8 24. e5 dxe5 25. Bg3 h5 26. Bd1 R3b4
27. Rc2 Rb3 28. Re1 c4 29. Bxe5 Bxe5 30. Rxe5 c3 31. Ree2 cxb2 32. Rxb2 R3b4
33. Rxb4 Rxb4+ 34. Rb2 Rf4 35. Bf3 h4 36. Rb5 f5 37. Rb7 g5 38. Bd5+ Kh8 39.
Rc7 g4 40. Rc3 Kg7 41. h3 Rd4 42. Bc6 Kf6 43. Kc2 Ke5 44. Bb7 Kf4 45. Bc8 Rb4
46. Ba6 Ra4 47. Be2 Rd4 48. Kc1 Kg5 49. Kc2 Kf4 50. Rb3 Rd8 51. hxg4 fxg4 52.
Rb4+ Ke3 53. Rxg4 1/2-1/2

[Event "SR 3. liga A2 2015/2016"]
[Site "?"]
[Date "2015.12.20"]
[Round "5.5"]
[White "Bahna, Jan"]
[Black "Mackovic, Miroslav"]
[Result "0-1"]
[WhiteElo "1896"]
[BlackElo "1882"]
[PlyCount "118"]
[EventDate "2016.??.??"]

1. e4 c5 2. Nc3 Nc6 3. g3 g6 4. Bg2 Bg7 5. d3 a6 6. a4 Rb8 7. Nge2 b5 8. axb5
axb5 9. O-O e6 10. Be3 Nd4 11. Qd2 d6 12. h3 Bd7 13. Kh2 b4 14. Nd1 Nxe2 15.
Qxe2 Ne7 16. Qd2 h6 17. f4 Qc7 18. d4 c4 19. c3 b3 20. Nf2 d5 21. Rfe1 f5 22.
exf5 exf5 23. g4 Kf7 24. gxf5 gxf5 25. Qe2 h5 26. Bf3 h4 27. Bd2 Qd6 28. Bh5+
Kf8 29. Ra6 Nc6 30. Nd1 Bh6 31. Qf3 Rg8 32. Rg1 Rxg1 33. Kxg1 Qe6 34. Qf2 Qe7
35. Qg2 Qg7 36. Kf2 Qxg2+ 37. Kxg2 Ke7 38. Bf3 Kd6 39. Nf2 Rg8+ 40. Kf1 Be8 41.
Nd1 Rg3 42. Bg2 Bf7 43. Ne3 Rxe3 44. Bxe3 Bg7 45. Bf3 Kc7 46. Ke2 Kb7 47. Ra1
Bf6 48. Rg1 Kb6 49. Rg5 Bxg5 50. fxg5 Ne7 51. Bf2 Nc6 52. Bxh4 Nb4 53. Bg3 Nd3
54. Bd6 Nxb2 55. Kd2 Nd3 56. h4 b2 57. Kc2 Ne1+ 58. Kxb2 Nxf3 59. Bg3 Kb5 0-1

[Event "SR 3. liga A2 2015/2016"]
[Site "?"]
[Date "2015.12.20"]
[Round "5.5"]
[White "Gajarsky, Julius"]
[Black "Puskas, Miroslav"]
[Result "0-1"]
[WhiteElo "1805"]
[BlackElo "1898"]
[PlyCount "98"]
[EventDate "2016.??.??"]

1. d4 d5 2. c4 e6 3. Nc3 c6 4. Nf3 Nf6 5. Bg5 Be7 6. e3 O-O 7. Bd3 dxc4 8. Bxc4
Nd5 9. Bxe7 Nxe7 10. O-O Ng6 11. Qc2 Nd7 12. Rad1 Qe7 13. Ne4 Nb6 14. Bd3 e5
15. dxe5 Nxe5 16. Nxe5 Qxe5 17. f4 Qe7 18. Qc5 Qxc5 19. Nxc5 Bg4 20. Rde1 Rad8
21. h3 Bc8 22. Rd1 Rd5 23. Nb3 Rfd8 24. Be2 Rxd1 25. Rxd1 Rxd1+ 26. Bxd1 Nc4
27. Kf2 Nxb2 28. Be2 Na4 29. a3 Kf8 30. g4 h6 31. e4 g5 32. f5 f6 33. Ke3 Ke7
34. Kd4 Kd6 35. Nd2 b5 36. Bd1 c5+ 37. Ke3 Nb6 38. Bc2 Bb7 39. Bd1 a5 40. Bc2
a4 41. Bd1 Bc6 42. Bc2 b4 43. axb4 cxb4 44. Kd4 Bb5 45. Nf3 b3 46. Bb1 a3 47.
Kc3 a2 48. Bxa2 bxa2 49. Kb2 Bc4 0-1

[Event "SR 3. liga A2 2015/2016"]
[Site "?"]
[Date "2015.12.20"]
[Round "5.5"]
[White "Krist, Milan"]
[Black "Bango, Dominik"]
[Result "1/2-1/2"]
[WhiteElo "1848"]
[BlackElo "1766"]
[PlyCount "84"]
[EventDate "2016.??.??"]

1. d4 d5 2. c4 e6 3. Nc3 Nf6 4. Nf3 Nbd7 5. Bg5 Be7 6. e3 O-O 7. Bd3 b6 8. O-O
Bb7 9. Rc1 c5 10. cxd5 Nxd5 11. Bxe7 Qxe7 12. Re1 Rac8 13. Nxd5 Bxd5 14. b3 Bb7
15. Qe2 Rfd8 16. Ba6 Bxa6 17. Qxa6 Nb8 18. Qa3 Nd7 19. Rc2 a5 20. Rec1 Qf8 21.
h3 h6 22. Ne1 Qe8 23. Nf3 cxd4 24. Rxc8 Rxc8 25. Rxc8 Qxc8 26. Nxd4 Qc5 27.
Qxc5 Nxc5 28. Kf1 Kf8 29. Ke2 Ke7 30. f3 Kd6 31. Kd2 Nd7 32. Kc3 Kc5 33. a3 b5
34. b4+ axb4+ 35. axb4+ Kb6 36. e4 Ne5 37. f4 Nc6 38. Nxc6 Kxc6 39. Kd4 f6 40.
g4 Kd6 41. e5+ fxe5+ 42. fxe5+ Kc6 1/2-1/2

[Event "SR 3. liga A2 2015/2016"]
[Site "?"]
[Date "2015.12.20"]
[Round "5.5"]
[White "Vagovic, Milan"]
[Black "Babirat, Michal"]
[Result "0-1"]
[WhiteElo "1609"]
[BlackElo "1791"]
[PlyCount "117"]
[EventDate "2016.??.??"]

1. d4 Nf6 2. Nf3 g6 3. Bg5 Bg7 4. e3 O-O 5. Be2 d6 6. O-O Nbd7 7. Re1 c5 8. c3
b6 9. Qc2 Bb7 10. Nbd2 Qc7 11. h3 Rfe8 12. Rac1 Rac8 13. Qb1 Qb8 14. Bf4 Qa8
15. a3 Ne4 16. Nf1 Nef6 17. N1h2 Ne4 18. Bf1 e5 19. Bg3 Nxg3 20. fxg3 f5 21.
Bc4+ Kh8 22. Ng5 d5 23. Bb5 Re7 24. Bxd7 Rxd7 25. Ngf3 Re8 26. Nf1 e4 27. N3d2
Ba6 28. Qc2 Qc6 29. b3 Bd3 30. Qb2 a5 31. Kh2 Kg8 32. Kg1 Bf8 33. Kh2 Qd6 34.
Qa2 cxd4 35. cxd4 Qxa3 36. Qxa3 Bxa3 37. Rc6 Rb8 38. Ra1 Bb5 39. Rc2 Bd6 40.
Rac1 Kf7 41. h4 Rdd8 42. Kg1 Bd7 43. Kf2 Rdc8 44. Rxc8 Rxc8 45. Rxc8 Bxc8 46.
Ke1 Ke7 47. Kf2 Kd7 48. Ke1 Kc6 49. Kd1 Ba6 50. Kc2 Bd3+ 51. Kb2 Bb4 52. Ka2
Bc3 53. Ka3 Kb5 54. Ka2 Kb4 55. g4 fxg4 56. Nh2 Bxd2 57. Nxg4 Bc2 58. Nf6 Bxb3+
59. Kb2 0-1

[Event "SR 3. liga A2 2015/2016"]
[Site "?"]
[Date "2015.12.20"]
[Round "5.6"]
[White "Takacs, Laszlo"]
[Black "Jozefek, Michal"]
[Result "1/2-1/2"]
[WhiteElo "2183"]
[BlackElo "2229"]
[PlyCount "63"]
[EventDate "2016.??.??"]

1. e4 c5 2. c3 d5 3. exd5 Qxd5 4. d4 g6 5. Nf3 Bg7 6. Be3 cxd4 7. cxd4 Nf6 8.
Nc3 Qa5 9. Be2 O-O 10. O-O Bf5 11. Ne5 Nc6 12. Nxc6 bxc6 13. Bf3 Rac8 14. Rc1
Rfd8 15. Qa4 Qxa4 16. Nxa4 Rd6 17. Nc5 Nd5 18. a3 Nxe3 19. fxe3 e5 20. e4 Be6
21. Nxe6 fxe6 22. d5 exd5 23. exd5 e4 24. Bxe4 Bxb2 25. Rxc6 Rdxc6 26. dxc6
Bxa3 27. Bd5+ Kh8 28. Rf7 Bd6 29. Rd7 Be5 30. Kf2 Rc7 31. Rd8+ Kg7 32. Rd7+
1/2-1/2

[Event "SR 3. liga A2 2015/2016"]
[Site "?"]
[Date "2015.12.20"]
[Round "5.6"]
[White "Stanec, Stanislav"]
[Black "Balogh, Peter"]
[Result "0-1"]
[WhiteElo "2143"]
[BlackElo "2132"]
[PlyCount "98"]
[EventDate "2016.??.??"]

1. Nf3 Nc6 2. g3 e5 3. d3 d5 4. Bg2 f6 5. O-O Be6 6. Nbd2 Qd7 7. c4 Nge7 8.
cxd5 Nxd5 9. Nc4 Bh3 10. Ne3 Bxg2 11. Kxg2 g5 12. Qa4 h5 13. Nxd5 Qxd5 14. Qc4
Qd7 15. h3 O-O-O 16. Be3 g4 17. hxg4 hxg4 18. Nh4 f5 19. Bg5 Be7 20. Bxe7 Nxe7
21. Rh1 Rhg8 22. Rad1 f4 23. Qe4 Rdf8 24. d4 fxg3 25. fxg3 Qd5 26. Qxd5 Nxd5
27. Rd3 exd4 28. Rc1 Ne3+ 29. Kg1 Rd8 30. Ng2 Nxg2 31. Kxg2 Rge8 32. Kf2 Re4
33. Rc5 Rf8+ 34. Ke1 Rfe8 35. Rc2 b6 36. b4 Kb7 37. Kd1 R8e5 38. a4 c5 39. a5
cxb4 40. axb6 Kxb6 41. Rc4 a5 42. Rcxd4 Rxd4 43. Rxd4 Kb5 44. Rxg4 a4 45. e4 a3
46. Kc2 Rc5+ 47. Kb1 b3 48. Rf4 a2+ 49. Kb2 Rc1 0-1

[Event "SR 3. liga A2 2015/2016"]
[Site "?"]
[Date "2015.12.20"]
[Round "5.6"]
[White "Rachela, Jozef"]
[Black "Vepy, Ivan"]
[Result "1-0"]
[WhiteElo "2025"]
[BlackElo "1952"]
[PlyCount "113"]
[EventDate "2016.??.??"]

1. d4 Nf6 2. Nf3 e6 3. c4 d5 4. cxd5 exd5 5. Nc3 Be7 6. Bg5 O-O 7. Qc2 Nc6 8.
a3 Bg4 9. e3 Bh5 10. Bd3 Bg6 11. O-O Re8 12. Bf5 Nh5 13. Bxe7 Nxe7 14. Bxg6
fxg6 15. Ne5 c6 16. b4 Nf6 17. Qb3 Nd7 18. Nd3 Qc7 19. b5 Qd6 20. bxc6 bxc6 21.
Na4 Rab8 22. Qc3 Rb5 23. Rab1 Reb8 24. Rxb5 Rxb5 25. Nac5 Nxc5 26. Nxc5 Qb8 27.
h3 Rb1 28. Rc1 Qb2 29. Qxb2 Rxb2 30. Rc3 Kf7 31. Nd7 Ke8 32. Ne5 Rb6 33. Kf1
Kd8 34. Ke2 Kc7 35. Nd3 Kd6 36. Kd2 Nf5 37. g3 Ne7 38. Kc2 Ng8 39. f3 Ne7 40.
e4 dxe4 41. fxe4 Rb8 42. Ne5 Rc8 43. Rb3 Rc7 44. a4 Ng8 45. Kd3 Nf6 46. g4 Ng8
47. Rb8 Nf6 48. a5 Nd7 49. Rd8 Ke7 50. Rxd7+ Rxd7 51. Nxd7 Kxd7 52. e5 g5 53.
Kc4 g6 54. Kc5 h5 55. e6+ Kxe6 56. Kxc6 hxg4 57. hxg4 1-0

[Event "SR 3. liga A2 2015/2016"]
[Site "?"]
[Date "2015.12.20"]
[Round "5.6"]
[White "Harastova, Viera"]
[Black "Merva, Frantisek"]
[Result "0-1"]
[WhiteElo "1880"]
[BlackElo "2058"]
[PlyCount "42"]
[EventDate "2016.??.??"]

1. d4 d5 2. c4 dxc4 3. Nc3 a6 4. a4 Nf6 5. e3 Bf5 6. Bxc4 e6 7. Nge2 Nbd7 8.
O-O Bb4 9. Bd3 Bg4 10. Qb3 Qe7 11. e4 e5 12. f3 exd4 13. Nxd4 Bc5 14. Be3 O-O-O
15. Bxa6 bxa6 16. Qc4 Nb8 17. fxg4 Nxg4 18. Nd5 Rxd5 19. Qxd5 Nxe3 20. Qb3 Nxf1
21. Qh3+ Qd7 0-1